00769nam a2200241 a 4500001001300000003000900013005001700022008004100039020001000080082001300090100001700103245004200120260005300162300000900215500003500224505001500259650003900274902000800313942000700321952009200328952009200420999001500512nice12345678IN_TiNIC20260116011545.0050524s1929 lona grp 000 0 eng  ac10000a915bBAT aBatutah, Ibn aTravels in Asia and Africa, 1325-1354 aLondon-New YorkbGeorge Routledge and Sonsc1929 a398p aincludes index and biblioraphy2 aIll, Index aIbn-Batutah Travel and Description bSRS cBK 00104070aHMIbHMId0000-00-00g100.00l0o915 BATp465r0000-00-00w2026-01-16yARB 00104070aHMIbHMId0000-00-00g100.00l0o915 BATp474r0000-00-00w2026-01-16yARB c2602d2602